Top Rated TV by Year (US) Quiz Stats

 Plays Quiz Updated Oct 10, 2019

Score 0/68 Timer 08:00
1 Play Today
Season Program % Correct
2001-02Friends
77.6%
1994-95Seinfeld
66.9%
1997-98Seinfeld
66.9%
2007-08American Idol
58.6%
2006-07American Idol
58.6%
2005-06American Idol
58.6%
1956-57I Love Lucy
58.2%
1952-53I Love Lucy
58.2%
1953-54I Love Lucy
58.2%
1954-55I Love Lucy
58.2%
1990-91Cheers
57.8%
2009-10American Idol
52%
2010-11American Idol
52%
2017-18The Big Bang Theory
50.9%
1995-96ER
49.8%
1996-97ER
49.8%
1998-99ER
49.8%
2016-17The Big Bang Theory
49.5%
2002-03CSI
47.7%
2003-04CSI
47.7%
2004-05CSI
47.7%
1985-86Cosby Show
41.9%
1986-87Cosby Show
41.9%
1987-88Cosby Show
41.9%
1971-72All in the Family
41.5%
1972-73All in the Family
41.5%
1973-74All in the Family
41.5%
1974-75All in the Family
41.5%
1975-76All in the Family
41.5%
2000-01Survivor
39.2%
2012-13NCIS
38%
2015-16NCIS
37%
1980-81Dallas
37%
1981-82Dallas
37%
Season Program % Correct
1983-84Dallas
37%
1976-77Happy Days
34%
1979-8060 Minutes
27.2%
1982-8360 Minutes
27.2%
1991-9260 Minutes
27.2%
1992-9360 Minutes
27.2%
1957-58Gunsmoke
21.8%
1958-59Gunsmoke
21.8%
1959-60Gunsmoke
21.8%
1960-61Gunsmoke
21.8%
1964-65Bonanza
21.7%
1965-66Bonanza
21.7%
1966-67Bonanza
21.7%
1967-68Andy Griffith
21.3%
1988-89Roseanne
19.9%
1989-90Roseanne
19.9%
1984-85Dynasty
19.6%
2018-19Sunday Night Football
19.1%
2013-14Sunday Night Football
18.9%
2014-15Sunday Night Football
18.9%
1993-94Home Improvement
18.7%
2011-12NBC Sunday Night Football
17.6%
1999-2000Who Wants to be a Millionaire
17.4%
1977-78Laverne & Shirley
15.9%
1978-79Laverne & Shirley
15.9%
1962-63Beverly Hillbillies
14.1%
1963-64Beverly Hillbillies
14.1%
1968-69Rowan & Martin's Laugh-In
9.9%
1969-70Rowan & Martin's Laugh-In
9.9%
1970-71Marcus Welby, MD
4.5%
1950-51Texaco Star Theatre
3.5%
1961-62Wagon Train
3.3%
1955-56$64,000 Question
2.6%
1951-52Godfrey's Talent Scouts
2.3%

You're not logged in!

Compare scores with friends on all Sporcle quizzes.
OR
Log In

Sporcle TV

Today on Sporcle TV


Watch our educational content, quiz creation guides, and fun videos on Sporcle TV.

Show Comments

Extras

Top Quizzes Today


Score Distribution

Your Account Isn't Verified!

In order to create a playlist on Sporcle, you need to verify the email address you used during registration. Go to your Sporcle Settings to finish the process.

Report this User

Report this user for behavior that violates our Community Guidelines.

Details: